| 000 | 00327nam a2200121Ia 4500 | ||
|---|---|---|---|
| 008 | 150201s2012 xx 000 0 und d | ||
| 082 |
_a620.112 _bSAK |
||
| 100 | _aSarkar, B. K | ||
| 245 | _aStrength of materials | ||
| 260 |
_bTata McGraw Hill Education Private Limited _aNew Delhi _c2012 |
||
| 300 | _a388p. | ||
| 942 |
_2ddc _cBK _01 |
||
| 999 |
_c5607 _d5607 |
||